| 000 | 00499cam a22001815i 4500 | ||
|---|---|---|---|
| 020 | _a9781408522295 (pbk.) | ||
| 020 | _a1408522292 (pbk.) | ||
| 040 | _cDLC | ||
| 082 | _a519 NEL 2013 A059 Co. | ||
| 100 | 1 | _aCrawshaw, J. | |
| 245 | 1 | 2 |
_aA concise course in advanced level statistics : _bwith worked examples / |
| 250 | _aFifth edition. | ||
| 260 |
_aCheltenham : _bNelson Thornes Ltd, _c2013. |
||
| 300 |
_a704 pages ; _c26 cm |
||
| 500 | _aPaperback. | ||
| 700 | 1 | _aChambers, J. | |
| 942 | _cEK | ||
| 999 |
_c14725 _d14725 |
||